Transnational islam and regional security : (Record no. 14015)

000 -LEADER
fixed length control field 02062nam a2200289 a 4500
001 - CONTROL NUMBER
control field ASIN0415371260
005 - DATE AND TIME OF LATEST TRANSACTION
control field 20170105102844.0
008 - FIXED-LENGTH DATA ELEMENTS--GENERAL INFORMATION
fixed length control field 130805s2008 xxu eng d
020 ## - INTERNATIONAL STANDARD BOOK NUMBER
International Standard Book Number 0415371260 (hardcover)
Terms of availability $130.00
020 ## - INTERNATIONAL STANDARD BOOK NUMBER
International Standard Book Number 9780415371261 (hardcover)
040 ## - CATALOGING SOURCE
Original cataloging agency 0
050 04 - LIBRARY OF CONGRESS CALL NUMBER
Classification number BP190.5.T47
082 04 - DEWEY DECIMAL CLASSIFICATION NUMBER
Classification number 303.625088297
245 10 - TITLE STATEMENT
Title Transnational islam and regional security :
Remainder of title cooperation and diversity between europe and north africa /
Statement of responsibility, etc. Frederic Volpi.
250 ## - EDITION STATEMENT
Edition statement 1st ed.
260 ## - PUBLICATION, DISTRIBUTION, ETC.
Place of publication, distribution, etc. [S.l.] :
Name of publisher, distributor, etc. Routledge,
Date of publication, distribution, etc. 2008.
300 ## - PHYSICAL DESCRIPTION
Extent 184 p. ;
Dimensions 24 cm.
520 ## - SUMMARY, ETC.
Summary, etc. This volume investigates the impact of a new brand of transnational terrorism and political violence produced by radical Islamist groups from the Maghreb on the regional security dynamics. It describes the causes of the problems and the strategies devised by European and North African states in order to address it and details the successes and failures of co-operation between states and society on both shores of the Mediterranean. Investigating the grand security strategies that have been devised for the Mediterranean after the Cold War and after 9/11, the contributors focus on the role of police and military apparati in securitizing the new threats that have become prominent after 9/11, and the unintended consequences of these strategies. In addition, the contributors analyze the relationship between Islamist groups, the state and society and highlight some key causes of political violence and radicalism. They outline how a better use of the law, migration, and intercultural dialogue might provide useful alternatives or complements to the mostly securitarian strategies that are currently dominant in the region.
650 #0 - SUBJECT ADDED ENTRY--TOPICAL TERM
Topical term or geographic name entry element Islamic fundamentalism
650 #0 - SUBJECT ADDED ENTRY--TOPICAL TERM
Topical term or geographic name entry element Security, International
650 #0 - SUBJECT ADDED ENTRY--TOPICAL TERM
Topical term or geographic name entry element Terrorism--Religious aspects--Islam
650 #0 - SUBJECT ADDED ENTRY--TOPICAL TERM
Topical term or geographic name entry element Transnational crime
650 #0 - SUBJECT ADDED ENTRY--TOPICAL TERM
Topical term or geographic name entry element Transnationalism
700 1# - ADDED ENTRY--PERSONAL NAME
Personal name Volpi, Frederic.
856 40 - ELECTRONIC LOCATION AND ACCESS
Materials specified Amazon.com
Uniform Resource Identifier <a href="http://www.amazon.com/exec/obidos/ASIN/0415371260/chopaconline-20">http://www.amazon.com/exec/obidos/ASIN/0415371260/chopaconline-20</a>
942 ## - ADDED ENTRY ELEMENTS (KOHA)
Source of classification or shelving scheme
Koha item type Book
Holdings
Withdrawn status Lost status Damaged status Not for loan Collection code Permanent Location Current Location Shelving location Date acquired Total Checkouts Full call number Barcode Date last seen Price effective from Koha item type
          Centre for International Peace & Stability (CIPS) Centre for International Peace & Stability (CIPS) General Stacks 08/02/2013   303.625088297 TRA 2008 CIPS0000180 08/05/2013 08/05/2013 Book
© 2023 Central Library, National University of Sciences and Technology. All Rights Reserved.